000 00658nas a2200229 4500
001 BR8306045
003 BR-BrBNA
005 20231205085711.0
007 ta
008 230509b bl.|||p| |||| 00| 00por d
040 _aBR-BrBNA
_bpor
_cBiblioteca Nacional de Agricultura
041 _a(Pt)
072 _aL01
100 1 _aStorniolo, P.G.
245 1 _aTosquia australiana; a tecnica proporciona um melhor aproveitamento do velo
650 _aTOSQUIA
650 _aLA
650 _aOVINO
773 0 _tGranja (Brazil)
_xISSN 0367-505X
_g(Oct 1983), v. 39(429) p. 34-35
_wBR8306045
909 _a202311
_bLúcia
_c55
_dLúcia Elande
942 _2AGRIS
_n0
_cANA
999 _c113177
_d113177